000 00556nam a2200205Ia 4500
005 20250923144232.0
008 008 250917s9999 xx 000 0 eng d
037 _aTextual
040 _aDSWL
_beng
_cDSWL
041 _aeng
_2eng
084 _qDSWL
100 _aUnited, Nations
_9822679
245 0 _aMethods of social welfare administration
_cby Nations United
260 _aNew York
_b Dept. of Social Affairs
_c1950
300 _a299 p.
365 _aINR
_b12.5
925 _g12.5
942 _cTEXL
999 _c1436411
_d1436411